Statistics for European Second largest cities quiz

Click here to take the quiz!

General Stats

  • This quiz has been taken 90 times
  • The average score is 22 of 47

Answer Stats

HintAnswer% Correct
FranceMarseille
92%
ItalyMilan
90%
RussiaSt. Petersburg
89%
SpainBarcelona
87%
BelgiumAntwerp
82%
GermanyHamburg
82%
PortugalPorto
82%
EnglandBirmingham
80%
NetherlandsRotterdam
80%
SwitzerlandGeneva
77%
IrelandCork
75%
ScotlandEdinburgh
75%
PolandKrakow
75%
NorwayBergen
74%
Czech RepublicOstrava
62%
GreeceThessaloniki
62%
DenmarkAarhus
61%
SwedenGothenburg
61%
AustriaGraz
61%
CroatiaSplit
59%
FinlandEspoo
49%
WalesSwansea
46%
LichtensteinVaduz
46%
Northern IrelandDerry
44%
SerbiaNovi Sad
43%
Bosnia & HerzegovinaBanja Luka
39%
AlbaniaDurres
38%
BulgariaPlovdiv
36%
HungaryDebrecen
34%
LithuaniaKaunas
34%
RomaniaCluj-Napoca
33%
BelarusHomel
33%
EstoniaTartu
30%
CyprusLimassol
26%
SlovakiaKosice
25%
SloveniaMaribor
23%
LatviaDaugavpils
21%
MoldovaTiraspol
20%
KosovoPrizren
15%
MaltaMosta
13%
MacedoniaBitola
11%
IcelandKopavogur
11%
LuxembourgEsch-Sur-Alzette
10%
AndorraLes Escaldes
7%
MontenegroNiksic
7%
San MarinoBorgo Maggiore
2%
MonacoLa Condamine
2%

Score Distribution

Percentile by Number Answered

Percent of People with Each Score

Your Score History

You have not taken this quiz